Doctor Who Actors - Statistics

General Stats
  • This quiz has been taken 190 times
  • The average score is 11 of 14
Answer Stats
Hint Answer % Correct
10th Doctor David Tennant
98%
Rose Tyler Billie Piper
97%
11th Doctor Matt Smith
96%
9th Doctor Christopher Eccleston
92%
Donna Noble Catherine Tate
89%
Amy Pond Karen Gillan
88%
Captain Jack Harkness John Barrowman
82%
Rory Williams Arthur Darvill
76%
River Song Alex Kingston
74%
Martha Jones Freema Agyeman
71%
The Master (Harold Saxon) John Simm
71%
Wilfred Mott Bernard Cribbins
59%
Mickey Smith Noel Clarke
57%
Jackie Tyler Camille Coduri
36%
No matching quizzes found
Score Distribution
Percent of People with Each Score
Percentile by Number Answered
Your Score History
You have not taken this quiz